Application of fuzzy logic algorithms to inregular disturbance compensation in technological processes / (Rekord nr 8367)
| 000 -ETYKIETA REKORDU | |
|---|---|
| podpole kontrolne o stałej długości | 01027nab a22001817i 4500 |
| 003 - IDENTYFIKATOR NUMERU KONTROLNEGO REKORDU | |
| podpole kontrolne | KOSZ 005 |
| 005 - DATA OSTATNIEJ MODYFIKACJI REKORDU | |
| podpole kontrolne | 20180509134948.0 |
| 008 - POLE O STAŁEJ DŁUGOŚCI - DANE KONTROLNE | |
| podpole kontrolne o stałej długości | 160308s2000 ||||| ||||0|| ||eng |
| 035 ## - NUMER SYSTEMOWY | |
| Numer systemowy przejętego rekordu | PBN-R:248605 |
| 040 ## - ŹRÓDŁO KATALOGOWANIA | |
| Instytucja, która utworzyła rekord | KOSZ 005/md |
| Instytucja, która sporządziła opis | PBN-ID |
| 041 0# - KOD JĘZYKA | |
| Kod języka tekstu | eng |
| 100 ## - NAZWA OSOBOWA | |
| Nazwa osobowa | KACALAK, Wojciech. |
| Lata pracy | 1996 - . |
| Instytucja | Politechnika Koszalińska - Wydział Mechaniczny, |
| Wydział | Katedra Mechaniki Precyzyjnej |
| 245 10 - TYTUŁ/ODPOWIEDZIALNOŚĆ | |
| Tytuł | Application of fuzzy logic algorithms to inregular disturbance compensation in technological processes / |
| Pozostałe elementy strefy tytułu i oznaczenia odpowiedzialności | Wojciech Kacalak, Tomasz Krzyżyński, Leon Kukiełka. |
| 700 ## - HASŁO DODATKOWE - NAZWA OSOBOWA | |
| Nazwa osobowa | KRZYŻYŃSKI, Tomasz. |
| Lata pracy | 1997 - . |
| Instytucja | Politechnika Koszalińska - Instytut Mechatroniki, Nanotechnologii i Techniki Próżniowej, |
| Wydział | Zakład Napędów i Sterowań |
| 700 ## - HASŁO DODATKOWE - NAZWA OSOBOWA | |
| Nazwa osobowa | KUKIEŁKA, Leon. |
| Lata pracy | 1996 - . |
| Instytucja | Politechnika Koszalińska - Wydział Mechaniczny, |
| Wydział | Katedra Mechaniki Technicznej i Wytrzymałości Materiałów |
| 773 0# - TYTUŁ DOKUMENTU MACIERZYSTEGO | |
| Wyrażenie wprowadzające | W : |
| Tytuł | Zeitschrift für angewandte Mathematik und Physik. - |
| Informacje dotyczące relacji | 2000, nr 80, s. 589-590. |
| ISSN | 0044-2275 |
| 942 ## - HASŁO DODATKOWE - ELEMENTY(KOHA) | |
| Typ dokumentu | Artykuł |
| Schemat klasyfikacji | Uniwersalna klasyfikacja dziesiętna |
Brak dostępnych egzemplarzy.
